00882nam a2200229 i 450000500170000000800410001702000380005804000250009608200160012124501420013726400610027930000450034033600210038533700250040633800230043150000630045465000180051765000110053565000340054670000450058071000270062520260506165839.0260506s2025 my o gr 000 0 may d a9786299941651cRM39.00qpaperback aPPAKbengcPPAKerda04223a297.38200aPANDUAN QADHA' SOLAT :b(Pengukuhan Ilmu Tentang Cara Solat Ganti) /cPenyusun: Amar Mirza Abd Kadir Jailani ; Editor Bahasa: Team BeDaie 1aKota Bharu, Kelantan :bDakwah Digital Network,c[2025?] a146 pages :bcolour photographs ;c21 cm atext2rdacontent aunmediated2rdamedia avolume2rdacarrier aContains verses from the Qur'an and quotes from the Hadith10aPrayerxIslam20aSalat 20aIslamvPrayers and devotions 0 aAmar Mirza Abd Kadir Jailani,ecompiler.2 aTeam BeDaie, eeditor.